000
00281nam a2200109Ia 4500
008
220204s9999 xx 000 0 und d
082
_a
543.42
_b
GRU
100
_a
Grunwald, Ernest
245
0
_a
Megawatt infrared laser chemistry
260
_a
New York
_b
John Wiley
_c
1978
942
_c
BK
999
_c
29697
_d
29697